|
|
|
|
| LEADER |
00000nab a2200000uu 4500 |
| 001 |
vtls011456584 |
| 003 |
SK-MaSNL |
| 005 |
20260303154029.0 |
| 008 |
230222|1962 xo |||||||||||||||||eng| |
| 015 |
|
|
|a SNBRB
|
| 035 |
|
|
|a (urnnbn)urn:nbn:sk:snk:ar-a09rk5
|
| 035 |
|
|
|a (uuid)d101ab40-7f17-4157-997f-7313cc546913
|
| 035 |
|
|
|a urn:nbn:sk:snk-abcrdb
|
| 040 |
|
|
|a SNKBUCL
|b slo
|c SNKBUCL
|e AACR2
|
| 041 |
0 |
|
|a eng
|
| 044 |
|
|
|a xo
|c SK
|
| 100 |
1 |
|
|a Bogusz, Wladyslaw
|4 aut
|9 1176488
|
| 245 |
1 |
0 |
|a Sufficient conditions for optimum one of the on-off servo system
|c Wladyslaw Bogusz
|
| 773 |
0 |
|
|t Strojnícky časopis
|g Roč. 13, č. 6 (1962), s. 511-515
|
| 958 |
|
|
|a OND
|
| 958 |
|
|
|a EUIPO
|
| 958 |
|
|
|a article16
|
| 999 |
|
|
|c 2031521
|d 2033451
|